[Event "LSS OP-2006-0-00106"]
[Site "LSS email"]
[Date "2006.08.03"]
[Round "?"]
[White "Baumann, Arend"]
[Black "Steev, Guy"]
[Result "1-0"]
[WhiteElo "1512"]
[BlackElo "1600"]
[PlyCount "23"]
[EventDate "2006.08.01"]
[EventType "tourn (corr)"]
[EventRounds "4"]
[EventCountry "GER"]
[SourceTitle "Corr 2015"]
[Source "ChessBase"]
[SourceDate "2015.07.17"]
[SourceVersion "1"]
[SourceVersionDate "2015.07.17"]
[SourceQuality "1"]

1. e4 c5 2. Nf3 Nc6 3. d4 cxd4 4. Nxd4 Nf6 5. Nc3 e5 6. Ndb5 d6 7. Nd5 Nxd5 8. exd5 Nb8 9. c4 Be7 10. Bd3 0-0 11. 0-0 f5 12. Re1 1-0